| 000 | 00898cam a22002653a 4500 | ||
|---|---|---|---|
| 001 | 18062 | ||
| 003 | PGUSA | ||
| 005 | 20140828083402.0 | ||
| 008 | 060327s2006||||xxu|||||s|||||000 1 eng d | ||
| 040 |
_aPGUSA _beng |
||
| 042 | _adc | ||
| 050 | 4 | _aPS | |
| 100 | 1 |
_aLondon, Jack, _d1876-1916 |
|
| 245 | 1 | 0 |
_aStories of Ships and the Sea : _bLittle Blue Book # 1169 _h[electronic resource] / _cJack London |
| 260 |
_bProject Gutenberg, _c2006 |
||
| 505 | 0 | _aChris Farrington: Able Seaman -- Typhoon Off the Coast of Japan -- The Lost Poacher -- The Banks of the Sacramento -- In Yeddo Bay. | |
| 506 | _aPublic domain in the USA. | ||
| 516 | _aElectronic text | ||
| 653 | _aShips -- Fiction | ||
| 653 | _aSea stories, American | ||
| 700 | 1 |
_aHaldeman-Julius, E. _q(Emanuel), _d1888-1951 |
|
| 830 | 0 |
_aProject Gutenberg _v18062 |
|
| 856 | 4 | 0 | _uhttp://www.gutenberg.org/ebooks/18062 |
| 942 | _cEB | ||
| 999 |
_c247317 _d247317 |
||